000 00878nam a2200229 a 4500
001 000015577
005 20240322181140.0
008 100215s1959 dr 000 f spa d
040 _aDO-SdBNP
_bspa
_cBNPHU
082 _a868.3
_bT316zN
100 1 _aNolasco, Flérida de,
_d1891-1976
_935151
245 1 0 _aSanta Teresa de Jesús a través de sus obras /
_cFlérida de Nolasco.
260 _aCiudad Trujillo, República Dominicana,
_c1959.
300 _a195 p. ;
_c20 cm.
500 _aIncluye referencias bibliográficas y notas al pie de las páginas
590 _aLa biblioteca posee 1 ejemplar autografiado por el autor
590 _aInventariado, 2018/MFF
600 1 4 _aTERESA,
_cDE AVILA, SANTOS,
_d1515-1582
_xCRÍTICA E INTERPRETACIÓN
_935152
650 4 _aNovela española
_91123
650 4 _aLiteratura española
_9632
910 _aValidado. Control de calidad MFF
999 _c15132
_d15132